Stati per indice di sviluppo umano - Statistics

Statistiche generali
  • Questo quiz è stato fatto 74 volte
    34 dall'ultimo reset
  • Il punteggio medio è 16 su 20
Statistiche sulle risposte
Indice di sviluppo umano Continente Stato % Corretto
0,970 Europa Norvegia
100%
0,948 Europa Finlandia
96%
0,972 Europa Islanda
96%
0,958 Oceania Australia
93%
0,959 Europa Germania
93%
0,955 Europa Paesi Bassi
93%
0,938 America del Nord Stati Uniti
93%
0,959 Europa Svezia
93%
0,970 Europa Svizzera
93%
0,951 Europa Belgio
89%
0,939 America del Nord Canada
89%
0,962 Europa Danimarca
89%
0,937 Asia Corea del Sud
81%
0,949 Europa Irlanda
81%
0,946 Europa Regno Unito
81%
0,938 Oceanua Nuova Zelanda
78%
0,946 Asia Singapore
74%
0,94 Asia Emirati Arabi Uniti
52%
0,938 Europa Liechtenstein
48%
0,955 Asia Hong Kong
37%
Nessun quiz corrispondente trovato
Distribuzione punteggi
Percentuale di utenti per punteggio
Percentile per numero di risposta
I tuoi punteggi nel tempo
Non hai fatto questo quiz dall'ultimo reset